Представление документа в формате MARC21

Поле Инд. ПП Название Значение
Тип записи a
Библиографический уровень m
001 Контрольный номер c1e7b613-039d-41d7-b474-8f79a4cb10d3
005 Дата корректировки 20140703122415.1
008 Кодируемые данные 030722
020 a ISBN 5-88648-339-Х
c Цена, тираж 90.00
040 a Служба первич. каталог. НБ ТвГУ
041 a Код языка текста rus
080 a Индекс УДК 343.137.5(470)
084 a Индекс другой классификации/Индекс ББК Х628.101.1
090 a Полочн. индекс Х628.1
x Авторский знак П88
100 1_ a Автор Пудовочкин Юрий Евгеньевич
q Полное имя Пудовочкин Ю. Е.
245 00 a Заглавие Ответственность несовершеннолетних в уголовном праве: история и современность
260 0_ a Место издания Ставрополь
b Издательство Ставропольский государственный университет
c Дата издания 2002
300 a Объем 255 с.
b Иллюстрации/ тип воспроизводства ил., табл.
504 a Библиография Библиогр. в подстроч. примеч.
583 a Действие Получение впервые 179 11.09.2003
k Исполнитель действия Обмен
650 a Основная рубрика Несовершеннолетние
x Основная подрубрика Уголовная ответственность
650 a Основная рубрика Уголовное право
z Географическая подрубрика Российская Федерация
653 a Ключевые слова Несовершеннолетние
a Ключевые слова Ответственность несовершеннолетних
a Ключевые слова Уголовная ответственность несовершеннолетних
a Ключевые слова Уголовное право России
852 t Порядковый номер экземпляра 1
p Инвентарный номер 767524
888 a Бесплатные
901 t Тип документа m
952 p 179.2003 90.00 1 767524
c Вид литературы К рн
954 a Дата поступления на обработку 20030911
999 a Подразделение 2 Фил1